[Event "7th CHN-RUS Rapid"]
[Site "Ningbo CHN"]
[Date "2010.08.11"]
[Round "1"]
[White "Bu Xiangzhi"]
[Black "Rublevsky,S"]
[Result "1/2-1/2"]
[WhiteElo "2676"]
[BlackElo "2688"]
[EventDate "2010.08.11"]

1. Nf3 d5 2. d4 e6 3. g3 c5 4. Bg2 cxd4 5. Nxd4 Nf6 6. O-O e5 7. Nb3 Be6 8.
c4 Nc6 9. cxd5 Nxd5 10. Nc3 Nxc3 11. bxc3 Bd6 12. Be3 Qe7 13. Na5 Nxa5 14.
Qa4+ Qd7 15. Qxa5 O-O 16. a4 Bc4 17. Rfd1 Qe7 18. Rxd6 Qxd6 19. Bc5 Qa6 20.
Qxa6 Bxa6 21. Bxf8 Kxf8 22. Rb1 Rd8 23. Bxb7 Bxe2 24. f4 exf4 25. gxf4 Rd1+
26. Rxd1 Bxd1 27. a5 Ke7 28. Kf2 Kd6 29. Ke3 Kc5 30. Ba6 Bc2 31. h4 Bf5 32.
Be2 Be6 33. Bd3 h6 34. Ke4 Bd7 35. Be2 f6 36. Bd3 g5 37. fxg5 fxg5 38. hxg5
hxg5 39. Be2 Bb5 40. Bd1 Bd7 41. Be2 Be6 42. Ke5 Bc4 43. Bd1 Bd3 44. Kf6
Kc4 45. Kxg5 Kxc3 46. Kf4 Kb4 47. Ke3 Bg6 48. a6 1/2-1/2

[Event "7th CHN-RUS Rapid"]
[Site "Ningbo CHN"]
[Date "2010.08.11"]
[Round "1"]
[White "Ni Hua"]
[Black "Timofeev,Arty"]
[Result "0-1"]
[WhiteElo "2645"]
[BlackElo "2690"]
[EventDate "2010.08.11"]

1. Nf3 c5 2. c4 Nf6 3. d4 cxd4 4. Nxd4 e6 5. g3 Qc7 6. Nd2 Bc5 7. N2b3 Be7
8. Bg2 Qxc4 9. O-O Nc6 10. Bf4 O-O 11. Rc1 Qa4 12. e4 d5 13. exd5 Nxd5 14.
Bxd5 exd5 15. Nxc6 bxc6 16. Nd4 Qxa2 17. Be5 Re8 18. Nxc6 Bf8 19. Qd4 Bf5
20. Ra1 Qb3 21. Qf4 Be4 22. Bc3 Qb6 23. Nd4 Qg6 24. f3 Bd6 25. Qh4 Be7 26.
Qf4 Bg5 27. Qc7 Bd3 28. Rfe1 a6 29. Rxe8+ Rxe8 30. Re1 Rxe1+ 31. Bxe1 h5
32. Qe5 Bc4 33. Kg2 Qd3 34. h4 Be3 0-1

[Event "7th CHN-RUS Rapid"]
[Site "Ningbo CHN"]
[Date "2010.08.11"]
[Round "2"]
[White "Timofeev,Arty"]
[Black "Bu Xiangzhi"]
[Result "1-0"]
[WhiteElo "2690"]
[BlackElo "2676"]
[EventDate "2010.08.11"]

1. c4 Nf6 2. Nc3 e5 3. Nf3 Nc6 4. d3 h6 5. g3 Bc5 6. Bg2 d6 7. O-O O-O 8.
e3 Bb6 9. b3 Re8 10. Bb2 Bf5 11. h3 Qd7 12. Kh2 Rad8 13. Rc1 Bh7 14. a3 a5
15. Qd2 Ne7 16. Na4 Nc6 17. Nxb6 cxb6 18. Rfd1 d5 19. cxd5 Nxd5 20. e4 Nc7
21. Qe3 Ne6 22. Nxe5 Nxe5 23. Bxe5 Qb5 24. d4 Qd7 25. Bf4 Qe7 26. d5 Nc5
27. b4 axb4 28. axb4 Nxe4 29. Qxb6 g5 30. Bc7 Rd7 31. Re1 Rxd5 32. f3 Rd2
33. Kg1 Qd7 34. fxe4 Rxe4 35. Be5 Rxe5 36. Rxe5 Rxg2+ 37. Kxg2 Qd2+ 38. Qf2
Qxc1 39. Re8+ Kg7 40. Qd4+ Kg6 41. Re2 Qc6+ 42. Qe4+ Kg7 43. Qxc6 bxc6 44.
Kf3 Bf5 45. g4 Be6 46. Re5 Kf6 47. Ke4 Bc4 48. Kd4 Bb5 49. Re3 Kg6 50. Ke5
Bf1 51. Kd6 Bg2 52. Rg3 Be4 53. Ke5 Bh1 54. Rd3 Bg2 55. Rg3 Bh1 56. Rd3 Bg2
57. Rd6+ Kg7 58. Kd4 Bxh3 59. Rxc6 Bxg4 60. b5 Bf3 61. Rc3 Ba8 62. b6 Kg6
63. Rc8 Bh1 64. Kc5 Bb7 65. Rc7 Ba8 66. Ra7 Bg2 67. b7 Bxb7 68. Rxb7 h5 69.
Kd4 h4 70. Rb8 Kf5 71. Rf8 Kg4 72. Ke3 f5 73. Kf2 Kf4 74. Rh8 Kg4 75. Ra8
Kf4 76. Rh8 Kg4 77. Kg2 Kf4 78. Kh3 Ke3 79. Rg8 f4 80. Kg4 1-0

[Event "7th CHN-RUS Rapid"]
[Site "Ningbo CHN"]
[Date "2010.08.11"]
[Round "3"]
[White "Malakhov,V"]
[Black "Bu Xiangzhi"]
[Result "1/2-1/2"]
[WhiteElo "2732"]
[BlackElo "2676"]
[EventDate "2010.08.11"]

1. e4 c5 2. Nf3 Nc6 3. d4 cxd4 4. Nxd4 g6 5. c4 Nf6 6. Nc3 d6 7. Be2 Bg7 8.
Be3 O-O 9. O-O Bd7 10. Nc2 Qa5 11. f3 Rfc8 12. Qd2 Ne5 13. b4 Qd8 14. Na3
h5 15. Rac1 Kh7 16. h3 Be6 17. Nd5 Ned7 18. Nb5 a5 19. a3 axb4 20. axb4
Bxd5 21. exd5 Qf8 22. Rfe1 Bh6 23. Bf1 Bxe3+ 24. Qxe3 Ng8 25. c5 Ndf6 26.
Qd4 dxc5 27. bxc5 Qd8 28. Red1 Nh6 29. d6 Nf5 30. Qe5 e6 31. Nc7 Nd7 32.
Qf4 g5 33. Qb4 Rxc7 34. dxc7 Qxc7 35. Bd3 Ne5 36. Bxf5+ exf5 37. Rd6 Ra2
38. Qb3 Ra1 39. Rdd1 Ra6 40. Qd5 Re6 41. Rb1 b6 42. Rdc1 bxc5 43. Rb7 Qc6
44. Qxc6 Rxc6 45. Re7 Nd3 46. Rd1 c4 47. Rxf7+ Kg6 48. Rd7 Kf6 49. Ra1 Nc5
50. Rd5 c3 51. Rc1 Nb3 52. Rc2 Na1 53. Rc1 Nb3 54. Rc2 1/2-1/2

[Event "7th CHN-RUS Rapid"]
[Site "Ningbo CHN"]
[Date "2010.08.11"]
[Round "3"]
[White "Potkin,V"]
[Black "Zhou Jianchao"]
[Result "0-1"]
[WhiteElo "2626"]
[BlackElo "2668"]
[EventDate "2010.08.11"]

1. d4 e6 2. e4 d5 3. Nc3 Nf6 4. e5 Nfd7 5. f4 c5 6. Nf3 Nc6 7. Be3 a6 8.
Qd2 b5 9. a3 Be7 10. Bd3 Qb6 11. Qf2 b4 12. axb4 Qxb4 13. Ra2 cxd4 14. Nxd4
Nxd4 15. Bxd4 Bc5 16. Bxc5 Nxc5 17. O-O O-O 18. f5 f6 19. exf6 Rxf6 20. Qf4
Qxf4 21. Rxf4 e5 22. Rf1 Bb7 23. Be2 Rc8 24. g4 d4 25. b4 Nd7 26. Na4 Bd5
27. Rb2 Rfc6 28. Bd1 Bc4 29. Re1 Bb5 30. Ra2 Kf8 31. Nb2 Rxc2 32. Bxc2 Rxc2
33. Rea1 e4 34. Nd1 Rxa2 35. Rxa2 e3 36. Ra1 Ne5 37. Kg2 e2 38. Nf2 d3 0-1

[Event "7th CHN-RUS Rapid"]
[Site "Ningbo CHN"]
[Date "2010.08.11"]
[Round "3"]
[White "Wang Yue"]
[Black "Vitiugov,N"]
[Result "1/2-1/2"]
[WhiteElo "2716"]
[BlackElo "2722"]
[EventDate "2010.08.11"]

1. d4 d5 2. c4 dxc4 3. Nf3 a6 4. e3 b5 5. a4 Bb7 6. b3 e6 7. bxc4 bxc4 8.
Bxc4 Nf6 9. O-O c5 10. Nbd2 Nc6 11. Rb1 Na5 12. Be2 Be7 13. dxc5 Bxc5 14.
Bb2 Qe7 15. Bc3 Nc6 16. Qc2 Bb4 17. Rfc1 O-O 18. Bxb4 Nxb4 19. Qc7 Qxc7 20.
Rxc7 Bxf3 21. gxf3 Nfd5 22. Rc5 Rfc8 23. Rbc1 Rxc5 24. Rxc5 Kf8 25. f4 Ke7
26. Kg2 Ra7 27. Nb3 Rc7 28. Rxc7+ Nxc7 29. e4 f5 30. f3 Na2 31. a5 Kd6 32.
Kf2 Nc3 33. Bd3 fxe4 34. fxe4 e5 35. f5 Na4 36. Ke3 Nc5 37. Nd2 Nd7 38. Nb3
Nc5 39. Nd2 Nd7 40. Nb3 Nc5 1/2-1/2

[Event "7th CHN-RUS Rapid"]
[Site "Ningbo CHN"]
[Date "2010.08.11"]
[Round "4"]
[White "Timofeev,Arty"]
[Black "Wang Yue"]
[Result "0-1"]
[WhiteElo "2690"]
[BlackElo "2716"]
[EventDate "2010.08.11"]

1. c4 Nf6 2. Nc3 e5 3. Nf3 Nc6 4. d3 Bc5 5. e3 d6 6. g3 O-O 7. Bg2 a6 8.
O-O Ba7 9. b3 h6 10. Bb2 Bf5 11. h3 Re8 12. Kh2 Bh7 13. a3 Qd7 14. Rc1 Rad8
15. b4 Ne7 16. d4 exd4 17. Nxd4 d5 18. cxd5 Nexd5 19. Nxd5 Nxd5 20. Qb3 Be4
21. f3 Nxe3 22. fxe4 Bxd4 23. Rfd1 Nxd1 24. Rxd1 Qe6 25. Qxe6 fxe6 26. Rxd4
Rxd4 27. Bxd4 Rd8 28. Be5 Rd3 29. Bxc7 Rxa3 30. e5 Rb3 31. Bxb7 Rxb4 32.
Bxa6 Rb2+ 33. Kg1 Kf7 34. Kf1 h5 35. Be2 g6 36. Bd8 Ra2 37. Bf6 Ra1+ 38.
Kf2 Ra3 39. Bf3 Rb3 40. Bg5 Rb5 41. Bf4 Rb3 42. Be2 Ra3 43. Bc1 Rc3 44. Be3
Ra3 45. Kf3 Ra4 46. h4 Rb4 47. Bd3 Ra4 48. Bc5 Ra5 49. Bd4 Ra4 50. Ke4 Ra3
51. Ke3 Ra4 52. Bc5 Rg4 53. Kf3 Ra4 54. Ke2 Ra5 55. Bd4 Ra4 56. Ke3 Ra3 57.
Kd2 Ra2+ 58. Bc2 Ra3 59. Bc3 Ra8 60. Kd3 Rd8+ 61. Bd4 Rc8 62. Bb3 Rc1 63.
Be3 Rc8 64. Kd4 Ra8 65. Kc5 Rc8+ 66. Kb4 Rb8+ 67. Kc4 Rd8 68. Bb6 Rd2 69.
Kc5 Ke7 70. Kc6 Rd3 71. Bc5+ Kf7 72. Ba2 Rc3 73. Bb1 Rc1 74. Bd3 Rc3 75.
Bb5 Rc1 76. Ba6 Rc2 77. Bc8 Rc3 78. Ba6 Rc2 79. Bb5 Rc1 80. Kb6 Rc3 81. Bd6
Rxg3 82. Kc7 g5 83. Kd8 gxh4 84. Be8+ Kg7 85. Bd7 h3 86. Bxe6 h2 87. Bd5
Rd3 88. Bc6 Rd1 89. Kd7 h1=Q 90. Bxh1 Rxh1 91. e6 Re1 92. Be7 Kg6 93. Bh4
Re4 94. Bd8 Re1 95. Bh4 Re4 96. Bd8 h4 97. e7 h3 98. Bc7 Kf7 0-1

[Event "7th CHN-RUS Rapid"]
[Site "Ningbo CHN"]
[Date "2010.08.11"]
[Round "5"]
[White "Bu Xiangzhi"]
[Black "Vitiugov,N"]
[Result "1/2-1/2"]
[WhiteElo "2676"]
[BlackElo "2722"]
[EventDate "2010.08.11"]

1. Nf3 c5 2. c4 Nc6 3. d4 cxd4 4. Nxd4 Nf6 5. g3 Qb6 6. Nc2 Ne5 7. Ne3 h5
8. h3 d6 9. Nc3 Bd7 10. f4 Ng6 11. Ncd5 Qd8 12. Bg2 Bc6 13. O-O e6 14.
Nxf6+ gxf6 15. b3 f5 16. Bb2 Rg8 17. Kh2 Bh6 18. Bxc6+ bxc6 19. Qd3 h4 20.
Ng2 hxg3+ 21. Qxg3 Kd7 22. Qf2 Qb6 23. Bd4 c5 24. Bf6 Qc6 25. e3 Bg7 26.
Qb2 Bxf6 27. Qxf6 Raf8 28. Rad1 Ne7 29. Nh4 Qe4 30. Qc3 Ng6 31. Nxg6 Rxg6
32. Qd2 e5 33. Rg1 Rfg8 34. Qf2 a5 35. Rxg6 Rxg6 36. Rd2 Ke6 37. Rd1 a4 38.
bxa4 Qxc4 39. Qd2 Kd7 40. fxe5 Qe4 41. Qb2 Qf3 42. Qb5+ Ke7 43. exd6+ Rxd6
44. Rxd6 Qf2+ 45. Kh1 Qf3+ 46. Kh2 Qf2+ 1/2-1/2

[Event "7th CHN-RUS Rapid"]
[Site "Ningbo CHN"]
[Date "2010.08.11"]
[Round "5"]
[White "Ni Hua"]
[Black "Malakhov,V"]
[Result "1/2-1/2"]
[WhiteElo "2645"]
[BlackElo "2732"]
[EventDate "2010.08.11"]

1. d4 c5 2. d5 d6 3. Nf3 e5 4. dxe6 Bxe6 5. e4 Nc6 6. Nc3 Nf6 7. Bb5 Be7 8.
e5 dxe5 9. Qxd8+ Kxd8 10. Bxc6 bxc6 11. Nxe5 Kc7 12. Bf4 Kb7 13. O-O-O Nd5
14. Bd2 Rhe8 15. Rhe1 Nxc3 16. Bxc3 Bd5 17. Nxf7 Ka6 18. Ne5 Bxg2 19. f4
Bd5 20. Rd3 Bf6 21. Bd2 c4 22. Rde3 Bxe5 23. Rxe5 Rxe5 24. Rxe5 Rf8 25. Be3
g6 26. Kd2 Rf5 27. Kc3 Rxe5 28. fxe5 Kb7 29. Kb4 Be6 30. a3 c3 31. Kxc3 Bf5
32. Kd4 Kc7 33. Kc4 a6 34. c3 Be6+ 35. Kb4 Bd5 36. Bf4 Kd7 37. Ka5 Bc4 38.
b3 Bxb3 39. Kxa6 Ke6 40. Kb6 g5 41. Bxg5 Kxe5 42. Kxc6 Ke6 43. Kb5 Kd7 44.
a4 Kc7 45. a5 Bd5 46. Bf4+ Kd7 47. Kc5 Bf3 48. c4 h5 49. h4 Bg2 50. Bg3 Bf3
51. a6 Bg2 52. Bf2 Bf3 53. Kd4 Kc7 54. Ke3 Bg2 55. c5 Bf1 56. Bg3+ Kc8 57.
a7 Kb7 58. Bb8 Bg2 59. Kf4 Bc6 60. Ke5 Bf3 61. Kd6 Bg2 62. Kd7 Bc6+ 63. Kd8
Bg2 64. Ke7 Bf3 65. Ke6 Bg2 66. Kf5 Bf3 67. Kg5 Ka8 68. Kf4 Bg2 69. Ke5 Kb7
70. Kd6 Bf3 71. Bc7 Kxa7 72. c6 Ka8 73. Bb6 Bg4 74. Kc7 Bh3 75. Bc5 Bg4 76.
Kd8 Bh3 1/2-1/2

[Event "7th CHN-RUS Rapid"]
[Site "Ningbo CHN"]
[Date "2010.08.12"]
[Round "6"]
[White "Rublevsky,S"]
[Black "Bu Xiangzhi"]
[Result "1-0"]
[WhiteElo "2688"]
[BlackElo "2676"]
[EventDate "2010.08.11"]

1. e4 c5 2. Nf3 d6 3. d4 cxd4 4. Nxd4 Nf6 5. Nc3 a6 6. Bc4 e6 7. Bb3 b5 8.
O-O Be7 9. Qf3 Qc7 10. Qg3 O-O 11. Bh6 Ne8 12. Rad1 Bd7 13. f4 Nc6 14. Nxc6
Bxc6 15. f5 Kh8 16. f6 gxh6 17. fxe7 Qxe7 18. Qf2 Ng7 19. Qd4 Rac8 20. a3
Qg5 21. Qxd6 Nf5 22. Qe5+ f6 23. Qxe6 Ne3 24. Qh3 f5 25. Be6 Rce8 26. Bxf5
Rg8 27. Kh1 Nxf1 28. Rxf1 Qd2 29. g3 Rg7 30. Qg2 Rd8 31. Rf2 Qe1+ 32. Rf1
Qe3 33. Nd5 Qd4 34. c3 Qe5 35. Ne3 Re7 36. Rf4 Rde8 37. h4 Qd6 38. Kh2 Qd3
39. Ng4 Bxe4 40. Bxe4 Rxe4 41. Nf2 1-0

[Event "7th CHN-RUS Rapid"]
[Site "Ningbo CHN"]
[Date "2010.08.12"]
[Round "6"]
[White "Vitiugov,N"]
[Black "Zhou Jianchao"]
[Result "1-0"]
[WhiteElo "2722"]
[BlackElo "2668"]
[EventDate "2010.08.11"]

1. c4 e6 2. Nc3 d5 3. d4 Be7 4. cxd5 exd5 5. Bf4 c6 6. e3 Bf5 7. g4 Bg6 8.
h4 h6 9. h5 Bh7 10. Bd3 Bxd3 11. Qxd3 Nf6 12. f3 Bd6 13. Nge2 Bxf4 14. Nxf4
Qd6 15. O-O-O Nbd7 16. Nce2 O-O-O 17. Ng3 Rhe8 18. Nf5 Qf8 19. Kb1 Kb8 20.
Rhg1 Nh7 21. Nh3 Ng5 22. Nxg5 hxg5 23. e4 g6 24. Ng3 dxe4 25. fxe4 c5 26.
Qe3 gxh5 27. gxh5 cxd4 28. Rxd4 f6 29. Rgd1 Ne5 30. Nf5 Rxd4 31. Qxd4 Nc6
32. Qe3 Rd8 33. Rd5 Qe8 34. h6 Ne5 35. Qd4 Nf7 36. Rxd8+ Qxd8 37. Qxd8+
Nxd8 38. Nd6 1-0

[Event "7th CHN-RUS Rapid"]
[Site "Ningbo CHN"]
[Date "2010.08.12"]
[Round "7"]
[White "Bu Xiangzhi"]
[Black "Timofeev,Arty"]
[Result "1/2-1/2"]
[WhiteElo "2676"]
[BlackElo "2690"]
[EventDate "2010.08.11"]

1. Nf3 c5 2. c4 Nf6 3. d4 cxd4 4. Nxd4 e6 5. Nc3 Nc6 6. a3 Be7 7. e4 O-O 8.
Nf3 Qa5 9. Bd2 Qh5 10. Be2 d5 11. cxd5 exd5 12. exd5 Nxd5 13. O-O Nxc3 14.
Bxc3 Qg6 15. Bd3 Bf5 16. Bxf5 Qxf5 17. Qb3 Bf6 18. Qxb7 Bxc3 19. bxc3 Qc5
20. Rad1 Rab8 21. Qc7 Rfc8 22. Qf4 Qxc3 23. Rd6 h6 24. h3 Rd8 25. Rfd1 Qxa3
26. Kh2 Rxd6 27. Rxd6 Qb4 28. Qg3 Ne7 29. Nd4 Re8 30. Rd7 a5 31. Qe5 Kf8
32. f4 a4 33. f5 Qb8 34. Qxb8 Rxb8 35. Ra7 g6 36. fxg6 fxg6 37. Rxa4 Kf7
38. Ra7 Rb6 1/2-1/2

[Event "7th CHN-RUS Rapid"]
[Site "Ningbo CHN"]
[Date "2010.08.12"]
[Round "8"]
[White "Bu Xiangzhi"]
[Black "Malakhov,V"]
[Result "1-0"]
[WhiteElo "2676"]
[BlackElo "2732"]
[EventDate "2010.08.11"]

1. Nf3 d5 2. d4 Nf6 3. c4 c6 4. Qc2 g6 5. Bf4 Bg7 6. e3 O-O 7. Nc3 Bf5 8.
Bd3 Bxd3 9. Qxd3 Nbd7 10. O-O e6 11. h3 Re8 12. Rfd1 Qa5 13. b4 Qxb4 14.
cxd5 Nxd5 15. Nxd5 cxd5 16. Rab1 Qa4 17. Rxb7 Nb6 18. Qb3 Qa6 19. Rc7 Rab8
20. Rc6 Rbc8 21. Rdc1 Rxc6 22. Rxc6 Rc8 23. Rxc8+ Qxc8 24. Qa3 Qb7 25. Qa5
f6 26. Bd6 Bf8 27. Bc5 Kf7 28. Qb5 Qc7 29. Nd2 Nd7 30. Nb3 Nxc5 31. dxc5 e5
32. a4 Be7 33. a5 Ke6 34. Qe8 Kf5 35. Qf7 Ke4 36. Nd2+ Kf5 37. g4+ Kg5 38.
Qxh7 f5 39. Nf3+ Kf6 40. g5+ 1-0

[Event "7th CHN-RUS Rapid"]
[Site "Ningbo CHN"]
[Date "2010.08.12"]
[Round "8"]
[White "Vitiugov,N"]
[Black "Wang Yue"]
[Result "1-0"]
[WhiteElo "2722"]
[BlackElo "2716"]
[EventDate "2010.08.11"]

1. d4 d5 2. c4 c6 3. e3 Nf6 4. Bd3 g6 5. h3 Bg7 6. Nf3 O-O 7. O-O c5 8. Nc3
dxc4 9. Bxc4 Nbd7 10. Qe2 a6 11. dxc5 Nxc5 12. Rd1 Bd7 13. e4 b5 14. e5
bxc4 15. exf6 Bxf6 16. Bh6 Nd3 17. Bxf8 Qxf8 18. Nd5 Bg7 19. Nb6 Bc6 20.
Nxa8 Qxa8 21. Rab1 Bf6 22. Qe3 Bxf3 23. Qxf3 Qxf3 24. gxf3 Nxb2 25. Rd8+
Kg7 26. Rc1 c3 27. Rc8 Nd3 28. R1xc3 Bxc3 29. Rxc3 Nf4 30. Kh2 Nd5 31. Rc5
e6 32. a3 Kf6 33. Rc6 a5 34. Ra6 Ke5 35. Rxa5 h5 36. Ra7 f6 37. a4 Kd6 38.
h4 Kc6 39. Kg3 e5 40. Rg7 Nf4 41. Rf7 Nd5 42. a5 Kb5 43. Rd7 Nf4 44. Rd6
Ne2+ 45. Kh2 Kxa5 46. Rxf6 Nf4 47. Rf8 Kb5 48. Re8 Kc6 49. Rxe5 Kd6 50. Re4
Ne6 51. Kg3 Ke7 52. Ra4 Kf6 53. Ra6 Kf5 54. Rd6 Ke5 55. Rd7 Kf6 56. f4 Nc5
57. Rd6+ Ne6 58. Rd7 Nc5 59. Rd5 Ne6 60. f5 gxf5 61. Rd6 Ke5 62. Rxe6+ Kxe6
63. Kf4 Kf6 64. f3 Ke6 65. Kg5 Ke5 66. f4+ 1-0

[Event "7th CHN-RUS Rapid"]
[Site "Ningbo CHN"]
[Date "2010.08.12"]
[Round "9"]
[White "Malakhov,V"]
[Black "Zhou Jianchao"]
[Result "1/2-1/2"]
[WhiteElo "2732"]
[BlackElo "2668"]
[EventDate "2010.08.11"]

1. e4 c5 2. Nf3 e6 3. c3 d5 4. exd5 Qxd5 5. d4 Nf6 6. Bd3 Be7 7. O-O O-O 8.
Be3 cxd4 9. cxd4 b6 10. Nc3 Qd8 11. Rc1 Bb7 12. Bb1 Nbd7 13. Qe2 Nd5 14.
Bd2 Rc8 15. Rfe1 Re8 16. Rcd1 Nxc3 17. bxc3 Bd5 18. Qd3 g6 19. Qe3 b5 20.
Qf4 Qc7 21. Qg4 Nf6 22. Qh3 Bxf3 23. Qxf3 Nd5 24. Bd3 Nxc3 25. Bxc3 Qxc3
26. d5 Bc5 27. Bxb5 Qxf3 28. gxf3 Red8 29. dxe6 Rxd1 30. Rxd1 fxe6 31. Bd7
Rc7 32. Bxe6+ Kg7 33. Kg2 Bb6 34. Bb3 Re7 35. Rd2 Ba5 36. Rc2 Rd7 37. Re2
Kf8 38. f4 Re7 39. Rc2 Rc7 40. Rb2 Rd7 41. Be6 Re7 42. f5 Kg7 43. Bc4 Bb6
44. fxg6 hxg6 45. Rd2 Re4 46. Bb3 g5 47. Rd7+ Kf6 48. Rf7+ Ke5 49. Kg3 Rf4
50. Re7+ Kf6 51. Re6+ Kf5 52. Re2 Rg4+ 53. Kf3 Rf4+ 54. Kg2 Rg4+ 55. Kf1
Rh4 56. h3 Kf6 57. Kg2 Rf4 58. f3 Rd4 59. Rc2 Kf5 60. Kg3 Rd1 61. Rc4 Rg1+
62. Kh2 Rf1 63. Bc2+ Ke5 64. Re4+ Kf6 65. Kg3 Rg1+ 66. Kh2 Rf1 1/2-1/2

[Event "7th CHN-RUS Rapid"]
[Site "Ningbo CHN"]
[Date "2010.08.12"]
[Round "10"]
[White "Malakhov,V"]
[Black "Ni Hua"]
[Result "1/2-1/2"]
[WhiteElo "2732"]
[BlackElo "2645"]
[EventDate "2010.08.11"]

1. d4 d5 2. c4 c6 3. Nf3 Nf6 4. e3 a6 5. Bd2 e6 6. Qc2 Nbd7 7. Nc3 dxc4 8.
Bxc4 b5 9. Be2 c5 10. dxc5 Bxc5 11. Ne4 Be7 12. Qc6 Rb8 13. Nxf6+ Bxf6 14.
Rd1 Bb7 15. Qd6 Qb6 16. Qa3 b4 17. Qa4 Bc6 18. Qxa6 Qxa6 19. Bxa6 Bxb2 20.
Rb1 Ba3 21. O-O Be4 22. Rbd1 Nc5 23. Bc4 Na4 24. Nd4 O-O 25. Bb3 Nc3 26.
Bxc3 bxc3 27. f3 Bb7 28. Nc2 Bc5 29. Rd7 Bc6 30. Rc7 Rfc8 31. Rxc8+ Rxc8
32. Rd1 Bb5 33. Kf2 Kf8 34. Nd4 Ba6 35. Bc2 Ke7 36. Nb3 Bb6 37. g4 h6 38.
h4 g5 39. h5 Bc4 40. Nc1 Ra8 41. a4 Ra5 42. Ne2 f5 43. gxf5 exf5 44. Nd4
Kf6 45. Nxf5 Rxf5 46. Rd6+ Ke7 47. Rxb6 Rd5 48. Rc6 Rd2+ 49. Ke1 Rxc2 50.
Rxc4 Kd6 51. Kd1 Ra2 52. Ke1 Kd5 53. Rxc3 Rxa4 54. e4+ Kd4 55. Rb3 Ra2 56.
Kf1 Rh2 57. Kg1 Rxh5 58. Kg2 Rh4 59. Rb5 Rf4 60. Kg3 Rh4 61. Rd5+ Kc4 62.
Rd6 Kc5 63. Rd5+ Kc6 64. Rd1 Rf4 65. Rh1 Rf6 66. e5 Rf5 67. Rxh6+ Kd5 68.
e6 Kd6 69. Rg6 Ke7 70. Rh6 Rf4 71. Rh5 Kxe6 72. Rxg5 Ra4 73. f4 Kf6 74. Rb5
Ra1 75. Rb6+ 1/2-1/2

[Event "7th CHN-RUS Rapid"]
[Site "Ningbo CHN"]
[Date "2010.08.12"]
[Round "10"]
[White "Vitiugov,N"]
[Black "Bu Xiangzhi"]
[Result "0-1"]
[WhiteElo "2722"]
[BlackElo "2676"]
[EventDate "2010.08.11"]

1. d4 d5 2. c4 c6 3. e3 Nf6 4. Bd3 a6 5. Nd2 Bg4 6. Qb3 Qc7 7. h3 Bh5 8. g4
Bg6 9. g5 Ne4 10. Ngf3 Nxd2 11. Bxd2 e6 12. Rc1 dxc4 13. Qxc4 Nd7 14. h4
Bh5 15. Ng1 Bd6 16. Be2 Bxe2 17. Nxe2 h6 18. g6 Nf6 19. Rg1 O-O 20. Qc2
fxg6 21. Qxg6 Kh8 22. e4 e5 23. f4 exf4 24. e5 Bxe5 25. dxe5 Nd5 26. Nc3
Qxe5+ 27. Kd1 Rad8 28. Nxd5 Rxd5 29. Kc2 Rd6 30. Qg2 f3 31. Qf2 Qe4+ 32.
Kb3 b5 33. a3 Rfd8 34. Ba5 Qa4+ 35. Ka2 Qxa5 36. Qxf3 Qc7 37. Qc3 a5 38.
Kb1 Rd4 39. h5 Rc4 40. Qf3 Qe5 41. Rce1 Qf4 42. Qg2 Qf5+ 43. Ka1 Rg8 44.
Re8 Rc1+ 45. Rxc1 Rxe8 46. Rg1 Qf6 47. Rf1 Qd6 48. Rc1 c5 49. Rg1 Qd4 50.
Rf1 b4 51. Qc6 Rd8 52. Qa4 Qd5 53. Qxa5 Ra8 54. Qc7 bxa3 0-1

[Event "7th CHN-RUS Rapid"]
[Site "Ningbo CHN"]
[Date "2010.08.12"]
[Round "10"]
[White "Wang Yue"]
[Black "Rublevsky,S"]
[Result "0-1"]
[WhiteElo "2716"]
[BlackElo "2688"]
[EventDate "2010.08.11"]

1. d4 d5 2. c4 c6 3. Nf3 Nf6 4. Nc3 dxc4 5. a4 e6 6. e3 c5 7. Bxc4 Nc6 8.
O-O cxd4 9. exd4 Be7 10. Bg5 O-O 11. Qd2 Bd7 12. Rad1 Nb4 13. Ne5 Bc6 14.
f4 Nfd5 15. Bxe7 Qxe7 16. f5 exf5 17. Rxf5 Rad8 18. Re1 Qc7 19. Ref1 f6 20.
Nxd5 Nxd5 21. Qc2 Qe7 22. Rh5 g6 23. Nxg6 hxg6 24. Qxg6+ Qg7 25. Qf5 Rf7
26. Rh3 Kf8 27. Rg3 Qh7 28. Qf3 Ne7 29. Qc3 Bd5 30. Rh3 Qg7 31. Rg3 Qh7 32.
Bxd5 Nxd5 33. Qc5+ Re7 34. Rh3 Qg7 35. Rff3 b6 36. Qa3 Ke8 37. Qd3 Kd7 38.
Rf5 Nc7 39. Rhf3 Re1+ 40. Kf2 Rde8 41. Rg3 R8e2+ 42. Qxe2 Rxe2+ 43. Kxe2
Qh6 44. Rh3 Qg6 45. Rf2 Nd5 46. Rg3 Qc2+ 47. Kf3 Qf5+ 48. Ke2 Qe4+ 49. Kf1
Qb1+ 50. Ke2 Qxb2+ 51. Kf3 Qxd4 0-1

[Event "7th CHN-RUS Rapid"]
[Site "Ningbo CHN"]
[Date "2010.08.12"]
[Round "10"]
[White "Zhou Jianchao"]
[Black "Timofeev,Arty"]
[Result "1/2-1/2"]
[WhiteElo "2668"]
[BlackElo "2690"]
[EventDate "2010.08.11"]

1. d4 d5 2. c4 e6 3. Nf3 c6 4. Nbd2 Nf6 5. e3 Nbd7 6. Bd3 dxc4 7. Nxc4 c5
8. O-O Be7 9. b3 O-O 10. Bb2 b5 11. Nce5 Qb6 12. a4 bxa4 13. Rxa4 Bb7 14.
Qc2 h6 15. Rfa1 a6 16. Nxd7 Nxd7 17. dxc5 Qxc5 18. Rg4 e5 19. Rc4 Qd6 20.
Rd1 Nf6 21. Bxe5 Qe6 22. Bf5 Qb6 23. Bd4 Qb5 24. Rc7 Bd5 25. Nd2 Bd6 26.
Rc3 Bb4 27. Bxf6 gxf6 28. Rc7 Bxd2 29. Rxd2 Qxb3 30. Qc5 Be6 31. h4 Rad8
32. Rxd8 Rxd8 33. Bxe6 Qxe6 34. Qh5 Kg7 35. Qf3 Qe5 36. Rc4 Qa1+ 37. Kh2
Qe5+ 38. g3 h5 39. Qb7 Rd2 40. Qf3 Qd5 41. Qxd5 Rxd5 42. g4 1/2-1/2

[Event "7th CHN-RUS Rapid"]
[Site "Ningbo CHN"]
[Date "2010.08.13"]
[Round "11"]
[White "Bu Xiangzhi"]
[Black "Rublevsky,S"]
[Result "1-0"]
[WhiteElo "2676"]
[BlackElo "2688"]
[EventDate "2010.08.11"]

1. Nf3 d5 2. e3 c5 3. b3 Nf6 4. Bb2 g6 5. c4 dxc4 6. Bxc4 Bg7 7. O-O O-O 8.
Qe2 Nc6 9. Rd1 Qc7 10. h3 a6 11. a4 Na5 12. Nc3 Nxc4 13. bxc4 Be6 14. d3 h6
15. e4 Nh5 16. Nd5 Bxd5 17. Bxg7 Nxg7 18. cxd5 e6 19. Qe3 Kh7 20. Rac1 Rac8
21. d4 cxd4 22. Nxd4 Qe7 23. d6 Qxd6 24. Nc6 Qxd1+ 25. Rxd1 Rxc6 26. Rd7 b6
27. Qf4 Kg8 28. Qxh6 Rc4 29. a5 bxa5 30. f3 Rc2 31. Ra7 Ra2 32. Qf4 Nh5 33.
Qc7 a4 34. Rxa6 a3 35. Kh2 Kg7 36. Qc4 Rb2 37. Rxa3 e5 38. Qc5 Re8 39. Ra7
Nf4 40. Qc7 Rxg2+ 41. Kh1 Kh6 42. Qxf7 Kg5 43. Qxe8 Kh4 44. Qxe5 1-0

[Event "7th CHN-RUS Rapid"]
[Site "Ningbo CHN"]
[Date "2010.08.13"]
[Round "11"]
[White "Ni Hua"]
[Black "Timofeev,Arty"]
[Result "1-0"]
[WhiteElo "2645"]
[BlackElo "2690"]
[EventDate "2010.08.11"]

1. e4 c5 2. Nf3 e6 3. d4 cxd4 4. Nxd4 Nf6 5. Nc3 d6 6. Be3 Nc6 7. Qd2 a6 8.
O-O-O Bd7 9. Kb1 Rc8 10. Nxc6 Bxc6 11. f3 Be7 12. Ne2 d5 13. e5 Nd7 14. f4
Bb5 15. g4 O-O 16. h4 Qc7 17. Ng3 Nb6 18. Bxb5 axb5 19. Bxb6 Qxb6 20. f5
Bc5 21. Rde1 Kh8 22. f6 Rg8 23. Nh5 g6 24. Nf4 Bf2 25. Re2 Bg3 26. Nh3 Rc4
27. Qh6 1-0

[Event "7th CHN-RUS Rapid"]
[Site "Ningbo CHN"]
[Date "2010.08.13"]
[Round "12"]
[White "Timofeev,Arty"]
[Black "Bu Xiangzhi"]
[Result "1/2-1/2"]
[WhiteElo "2690"]
[BlackElo "2676"]
[EventDate "2010.08.11"]

1. e4 e5 2. Nf3 d6 3. d4 exd4 4. Nxd4 Nf6 5. Nc3 Be7 6. g3 O-O 7. Bg2 Nc6
8. O-O Nxd4 9. Qxd4 Be6 10. h3 Nd7 11. Nd5 Bxd5 12. Qxd5 c6 13. Qd1 Qc7 14.
Bf4 Rfe8 15. Re1 Rad8 16. c3 Ne5 17. Qc2 h6 18. Rad1 Bg5 19. Bc1 Bxc1 20.
Qxc1 a5 21. a4 Nd7 22. Qc2 Nc5 23. b4 Ne6 24. Rb1 Ra8 25. Red1 Re7 26. h4
axb4 27. cxb4 c5 28. bxc5 Nxc5 29. Rd4 Nxa4 30. Qxc7 Rxc7 31. Rxd6 Nc3 32.
Re1 b5 33. Rb6 Rcc8 34. Re3 Ra1+ 35. Kh2 Ra2 36. Bh3 Rxf2+ 37. Kg1 Re2 38.
Rf3 Rc7 39. Bf1 Rd2 40. Rb8+ Kh7 41. e5 g6 42. Re3 Rd1 43. Kg2 Nd5 44. Rf3
b4 45. Rd3 Rxd3 46. Bxd3 Rc3 47. Be2 b3 48. Bf3 Ne3+ 49. Kf2 h5 50. Rb7 Kh6
51. Rxf7 b2 52. Rb7 Nc4 53. e6 Rc2+ 54. Be2 Nd6 55. e7 Rc7 56. Rxb2 1/2-1/2

[Event "7th CHN-RUS Rapid"]
[Site "Ningbo CHN"]
[Date "2010.08.13"]
[Round "12"]
[White "Rublevsky,S"]
[Black "Zhou Jianchao"]
[Result "1-0"]
[WhiteElo "2688"]
[BlackElo "2668"]
[EventDate "2010.08.11"]

1. e4 c5 2. Nf3 e6 3. c3 d5 4. exd5 Qxd5 5. d4 Nf6 6. Be2 Be7 7. O-O O-O 8.
c4 Qd8 9. dxc5 Bxc5 10. Nc3 Qxd1 11. Rxd1 Nc6 12. a3 b6 13. b4 Be7 14. Bf4
Bb7 15. Nb5 Rfd8 16. Bc7 Rxd1+ 17. Rxd1 Ne8 18. Bg3 f6 19. Nfd4 Nxd4 20.
Nxd4 Kf7 21. c5 Bd5 22. Nf5 bxc5 23. Nxe7 Kxe7 24. bxc5 Rc8 25. Rc1 Bc6 26.
f3 g5 27. h4 h6 28. f4 gxh4 29. Bxh4 Rb8 30. Bf2 Nc7 31. Re1 Rb3 32. f5 e5
33. Bh4 Rxa3 34. Bh5 e4 35. Kh2 Nb5 36. Bg3 a5 37. Bf3 Ra4 38. Re3 Rc4 39.
Bf2 Kd7 40. Bd1 Rxc5 41. Rh3 Rc1 42. Bb3 Nd6 43. Be6+ Ke7 44. Rxh6 Rc2 45.
Rh7+ Ke8 46. Bd4 e3 47. Bxf6 Rxg2+ 48. Kh3 Rg3+ 49. Kxg3 Ne4+ 50. Kf4 Nxf6
51. Rh8+ Ke7 52. Kxe3 Bd5 1-0